00710nam a2200241 a 4500001001300000003000900013005001700022008004100039020000800080082001500088100003000103245003100133260004300164300000900207500003500216505003000251650002300281700003000304902000800334942000700342952010400349999001500453nice12345678IN_TiNIC20260116011903.0050524s1950 cula grp 000 0 eng  ac000a181.4bCHA aChatterjee, Satishchandra aNyaya Theory of Knowledge. aCulcattabUniversity of Calcuttac1950 a384p aincludes index and biblioraphy2 aWorld Christian Book No.3 aEpistemology-Hindu1 aChatterjee, Satishchandra bSRS cBK 00104070aHMIbHMId2005-05-24g0.00l2o181.4 CHAp5734r2022-06-28s2022-06-16w2026-01-16yEB c4717d4717